000 00322nam a22001457a 4500
008 230124b ||||| |||| 00| 0 eng d
020 _a9780205244676
041 _aeng
080 _2EIGHTH EDITION
_a7
082 _a7QUI
100 _a19
101 _aART
245 _aSTRUCTURED READING
_cQUITMAN L
942 _2udc
_cBK
999 _c59270
_d59270